| 000 | 00727nam a22002177a 4500 | ||
|---|---|---|---|
| 003 | OSt | ||
| 005 | 20230724132534.0 | ||
| 008 | 140903b xxu||||| |||| 00| 0 eng d | ||
| 022 | _a0855 0832 | ||
| 040 | _cWIUC | ||
| 050 | _aKRX19.A3 G34(1992 vol 1) | ||
| 245 |
_aThe Ghana Law Reports 1992 volume 1: cases determined by the High Court of Appeal and the Supreme Court of the Republic of Ghana / _cedited by D.R.K. Sankah, J.K.E. Edzie and P.K.Twumasi |
||
| 260 |
_aAccra : _bCouncil for Law Reporting, _c1999. |
||
| 300 |
_axxxiv,651p.: _c25cm |
||
| 440 | _vvol 1 | ||
| 500 | _aIncludes index. | ||
| 700 |
_aSankah, D. R. K. _92129 |
||
| 700 |
_aEdzie, J.K. E. _92130 |
||
| 700 |
_aTwumasi, P. K. _92131 |
||
| 942 |
_2lcc _cBK |
||
| 999 |
_c4093 _d11593 |
||